Water : (Record no. 3592)

MARC details
000 -LEADER
fixed length control field 00747nam a22002297a 4500
001 - CONTROL NUMBER
control field BD-DhSAU 3592
003 - CONTROL NUMBER IDENTIFIER
control field BD-DhSAU
005 - DATE AND TIME OF LATEST TRANSACTION
control field 20150208134109.0
008 - FIXED-LENGTH DATA ELEMENTS--GENERAL INFORMATION
fixed length control field 150208b1955 -usa|||| |||| 00| 0 eng d
040 ## - CATALOGING SOURCE
Original cataloging agency BD-DhSAU
082 ## - DEWEY DECIMAL CLASSIFICATION NUMBER
Edition number 22
Classification number 630
Item number UNY
110 ## - MAIN ENTRY--CORPORATE NAME
Corporate name or jurisdiction name as entry element The United States Department of Agriculture
245 ## - TITLE STATEMENT
Title Water :
Remainder of title the yearbook of agriculture 1955 /
Statement of responsibility, etc. The United States Department of Agriculture & Alfred Stefferud (Ed.)
260 ## - PUBLICATION, DISTRIBUTION, ETC. (IMPRINT)
Place of publication, distribution, etc. Washington :
Name of publisher, distributor, etc. The United States Government Prinitng Office ,
Date of publication, distribution, etc. c1955.
300 ## - PHYSICAL DESCRIPTION
Extent xiii, 751 p. :
Other physical details ill. ;
Dimensions 24 cm.
504 ## - BIBLIOGRAPHY, ETC. NOTE
Bibliography, etc Includes bibliographical references.
590 ## - Name of Cataloguer
Name of Cataloger Jerin
650 ## - SUBJECT ADDED ENTRY--TOPICAL TERM
Topical term or geographic name as entry element Soil Science
650 ## - SUBJECT ADDED ENTRY--TOPICAL TERM
Topical term or geographic name as entry element Water
650 ## - SUBJECT ADDED ENTRY--TOPICAL TERM
Topical term or geographic name as entry element Soil
700 ## - ADDED ENTRY--PERSONAL NAME
Personal name Stefferud, Alfred (Ed.)
942 ## - ADDED ENTRY ELEMENTS (KOHA)
Source of classification or shelving scheme Dewey Decimal Classification
Koha item type Book
Holdings
Withdrawn status Lost status Source of classification or shelving scheme Damaged status Not for loan Home library Branch Name Shelving location Date acquired Total Checkouts Full call number Barcode Date last seen Price effective from Koha item type Date checked out Collection code
    Dewey Decimal Classification     SAU Library SAU Library General Stacks 11/08/1978   630 UNY 1001 08/02/2015 08/02/2015 Book    
    Dewey Decimal Classification     SAU Library SAU Library General Stacks 11/08/1978   630 UNY 999 08/02/2015 08/02/2015 Book    
    Dewey Decimal Classification     SAU Library SAU Library General Stacks 11/08/1978   630 UNY 1000 08/02/2015 08/02/2015 Book    
    Dewey Decimal Classification     SAU Library SAU Library General Stacks 13/08/2003 1 630 UNY 30886 23/11/2023 08/02/2015 Book 03/09/2023  
    Dewey Decimal Classification   Not For Loan SAU Library SAU Library Reference 20/06/1999   630 UNY 27668(D) 09/04/2015 09/04/2015 Book   Reference
    Dewey Decimal Classification   Not For Loan SAU Library SAU Library Reference 11/08/1978   630 UNY 998 11/04/2015 11/04/2015 Book   Reference